000 00853nam a2200253Ia 4500
003 OSt
005 20220930063840.0
006 a|||||r|||| 00| 0
007 ta
008 220926b |||||||| |||| 00| 0 eng d
024 _a3385
037 _cTheses
040 _aCRL
_cCRL
_beng
041 _2eng
_aeng
100 _aChatterjee S.K.
110 _aUniversity of Delhi. Faculty of Science. Department of Chemistry
_9519399
245 0 _aAcid character of some polynuclear phenolic compounds in relation to their structure and titration curves in non- aqueous media
260 _c1967
650 _aCHEMISTRY
700 _a Prof R P Mitra Supervisor
_9522955
700 _aUniversity of Delhi. Faculty of Science. Department of Chemistry
_9519402
942 _cDIS
_2CC
999 _c857381
_d857381